000 01054nam a22002897a 4500
005 20240530110407.0
008 150204s2009 ua f b 000 0 ara d
017 _a2125
_bمصر . دار الكتب المصرية
020 _a9773681513
040 _aEG-CaGPL
041 0 _aara
082 0 4 _221
_a371.9 \
_bأ إ
100 0 _aانشراح المشرفى
245 1 2 _aالاكتشاف المبكر لاعاقات الطفولة /
_cانشراح المشرفى
260 _aالاسكندرية :
_bمؤسسة حورس الدولية ،
_c2009
300 _a387 ص ؛
_c24 سم
490 0 _aسلسلة ذوى الاحتياجات الخاصة
504 _aببليوجرافية : ص 381 - 384
650 0 4 _aالاطفال
_xامراض
650 0 4 _aالاعاقة الحركية
650 0 4 _aالتوحد
650 0 4 _aالشلل الدماغى
650 0 4 _aالاطفال
_xامراض
_xتشخيص
650 0 4 _aالاطفال
_xالرعاية الصحية
942 _2ddc
_cBK
999 _c60379
_d60379